000 00681nam a2200289Ia 4500
005 20260324133502.0
008 008 260324s9999 xx 000 0 eng d
020 _a9780429214820
037 _aEBOOK
040 _aCRL
040 _beng
040 _cCRL
041 _2eng
041 _aeng
084 _qCRL
100 _aK. S. Birdi
_91149583
245 0 _aScanning Probe Microscopes
245 0 _bApplications in Science and Technology
260 _bTaylor and Francis
260 _c2003
365 _a
365 _b520
856 _uhttp://www.taylorfrancis.com/books/9780429214820
942 _cEBOOK
999 _c1792346
_d1792346